000 00617nam a2200181 a 4500
005 20140310183606.0
008 120718s19uu xx 00 eng d
020 _a0802820581
050 _aBV 4207
_b.P29 2005
100 _aPasquarello, Michael.
245 _aSacred rhetoric :
_bpreaching as a theological and pastoral practice of the church /
_cMichael Pasquarello III.
260 _aGrand Rapids, Mich :
_bWilliam B. Eerdmans Pub,
_c2005.
300 _a143 p. :
_c23 cm.
500 _aIncludes bibliographical references and index.
650 _aPreaching
_xHistory
942 _cBK
_2lcc
_kFOR
999 _c25168
_d25168